LIBRARY & INFORMATION CENTRE, KCAET, TAVANUR

ONLINE PUBLIC ACCESS CATALOGUE (OPAC)

Water supply and sanitary engineering in question and answers / (Record no. 5723)

MARC details
000 -LEADER
fixed length control field 00416cam a2200157ua 4500
041 ## - LANGUAGE CODE
Language code of text/sound track or separate title eng
082 ## - DEWEY DECIMAL CLASSIFICATION NUMBER
Classification number 628.076
Item number MAJ/WA
100 ## - MAIN ENTRY--AUTHOR NAME
Personal name Majaonjar, V K .
245 ## - TITLE STATEMENT
Title Water supply and sanitary engineering in question and answers /
250 ## - EDITION STATEMENT
Edition statement /
260 ## - PUBLICATION, DISTRIBUTION, ETC. (IMPRINT)
Place of publication Mumbai :
Name of publisher Engineering Book Co..
300 ## - PHYSICAL DESCRIPTION
Number of Pages 542 ; .
942 ## - ADDED ENTRY ELEMENTS (KOHA)
Koha item type Books
Holdings
Withdrawn status Lost status Damaged status Home library Current library Date acquired Full call number Accession Number Koha item type
      KAUAET KAUAET 07/04/2012 628.076 3041 Books
free website counter